Výskum spokojnosti českých bankových klientov a porovnanie so situáciou na Slovensku

Aktuálne trendy v spokojnosti retailových zákazníkov v bankovom sektore. Porovnanie celkovej spokojnosti českých a slovenských bankových zákazníkov s poskytovanými bankovými produktmi a službami.

Uložené v:
Podrobná bibliografia
Hlavný autor: Belás, Jaroslav
Médium: Kapitola
Jazyk:Slovak
Predmet:
Tagy: Pridať tag
Žiadne tagy, Buďte prvý, kto otaguje tento záznam!

MARC

LEADER 00000naa a2200000 4500
001 0198836
005 20231204135141.1
041 0 |a slo 
044 |a CZ 
245 1 0 |a Výskum spokojnosti českých bankových klientov a porovnanie so situáciou na Slovensku  |c Jaroslav Belás 
520 |a Aktuálne trendy v spokojnosti retailových zákazníkov v bankovom sektore. Porovnanie celkovej spokojnosti českých a slovenských bankových zákazníkov s poskytovanými bankovými produktmi a službami. 
610 2 0 |a Slovensko 
610 2 0 |a analýza komparatívna 
610 2 0 |a Česko 
610 2 0 |a služby bankové 
610 2 0 |a spokojnosť zákazníkov 
610 2 0 |a bankovníctvo 
100 1 |a Belás, Jaroslav